000 00517nam a2200181Ia 4500
005 20241002024836.0
008 240331s9999 xx 000 0 und d
020 _a0253205034
082 _bMin
_a809
100 _aMin-ha, T.T
245 0 _aWoman, native, other :
_bwriting postcolonial and feminism
260 _aBloomington and Indianpolis
_bIndiana University Press
_c1989
300 _aviii, 173 p .,
650 _aWomen's studies
650 _aanthropology
650 _acritical cultural studies
942 _cL
999 _c3114
_d3114